| 000 | 00452pab a2200181 454500 | ||
|---|---|---|---|
| 008 | 180718b2007 xxu||||| |||| 00| 0 eng d | ||
| 100 | _aPratheep, C. | ||
| 245 | _aFiscal self reliance of the Grama Panchayats in Kerala | ||
| 260 | _c2007 | ||
| 300 | _ap.1-16. | ||
| 362 | _aJan-Mar & Apr-Jun | ||
| 650 | _aPanchayat - India - Kerala | ||
| 650 | _aPanchayat | ||
| 700 | _aMohanan, B. | ||
| 773 | _aISDA Journal | ||
| 908 | _aN | ||
| 909 | _a75431 | ||
| 999 |
_c75431 _d75431 |
||